000 00875cam a2200253 4500
001 WB3720-32
008 000000n2001 000 0 eng u
035 _a(Sirsi) u112713
245 _aBusinesses fail to take up FMD relief
260 _c2001
490 _aFinancial Times
_v22 May 2001, 3(1)
520 _aA British Chambers of Commerce survey reveals that just over 1 in 10 of the 41% of businesses affected by the Foot and Mouth Disease outbreak had applied for business rate relief or a temporary deferment of tax, value added tax or national insurance payments.
590 _aWB
650 _aBUSINESS RATES
650 _aFOOT-AND-MOUTH DISEASE
650 _aNATIONAL INSURANCE
650 _aRATE RELIEF
650 _aRURAL BUSINESSES
650 _aTAX
650 _aTAX RELIEF
650 _aVALUE ADDED TAX
690 _aRural
_96268
942 _n0
999 _c67104
_d67104